| 000 | 00774nam a2200229Ia 4500 | ||
|---|---|---|---|
| 001 | 17924 | ||
| 003 | GE_BSU | ||
| 008 | 181216s||||||||xx |||||||||||||| ||und|| | ||
| 040 | _cGE_BSU | ||
| 080 | _a821.353.1-32 | ||
| 100 | _aკლდიაშვილი, სერგო | ||
| 245 | _aმინდვრის ყვავილი | ||
| 245 | _bრჩეული მოთხრობები | ||
| 245 | _cრედ. ც.ქაროსანიძე. მხატვ. გ.ღლონტი | ||
| 260 | _aთბილისი | ||
| 260 | _bმერანი | ||
| 260 | _c1977 | ||
| 300 | _a498გვ. ; 22სმ. | ||
| 653 | _aმინდვრის ყვავილი | ||
| 653 | _aრჩეული მოთხრობები | ||
| 942 | _cBK | ||
| 999 |
_c50967 _d50967 |
||